[Event "Hajduszoboszlo op 2nd"]
[Site "Hajduszoboszlo"]
[Date "2024.02.11"]
[Round "6"]
[White "Szaloki, Arpad"]
[Black "Molnar, Laszlo"]
[Result "1/2-1/2"]
[WhiteElo "2007"]
[BlackElo "2105"]
[PlyCount "41"]
[EventDate "2024.02.08"]
[EventType "swiss"]
[EventRounds "7"]
[EventCountry "HUN"]
[SourceTitle "CB08_2024"]
[SourceDate "2024.02.21"]
[SourceVersion "1"]
[SourceVersionDate "2024.02.21"]
[SourceQuality "1"]

1. d4 Nf6 2. c4 g6 3. Nc3 d5 4. Nf3 Bg7 5. h4 h6 6. h5 g5 7. cxd5 Nxd5 8. e4 Nxc3 9. bxc3 c5 10. Be3 Qa5 11. Qd2 Nc6 12. Be2 Bg4 13. Rb1 Bxf3 14. Bxf3 cxd4 15. cxd4 Qxd2+ 16. Kxd2 Nxd4 17. Bxd4 Bxd4 18. Rxb7 Bxf2 19. Ke2 Bb6 20. Rd1 0-0 21. Rxe7 1/2-1/2

[Event "Belgrade ChessAmateur op 5th"]
[Site "Belgrade"]
[Date "2019.01.08"]
[Round "7"]
[White "Molnar, Laszlo"]
[Black "Kovacevic, Radmila"]
[Result "0-1"]
[WhiteElo "2195"]
[BlackElo "2089"]
[PlyCount "104"]
[EventDate "2019.01.04"]
[EventType "swiss"]
[EventRounds "9"]
[EventCountry "SRB"]
[SourceTitle "CBM 188 Extra"]
[Source "ChessBase"]
[SourceDate "2019.02.26"]
[SourceVersion "1"]
[SourceVersionDate "2019.02.26"]
[SourceQuality "1"]

1. Nf3 c5 2. g3 g6 3. Bg2 Bg7 4. 0-0 Nc6 5. c4 Nf6 6. d4 cxd4 7. Nxd4 0-0 8. Nc3 Nxd4 9. Qxd4 d6 10. Qd3 Nd7 11. b3 Nc5 12. Qd2 Qa5 13. Bb2 Re8 14. Rfd1 Be6 15. Nd5 Qxd2 16. Rxd2 Bxd5 17. cxd5 Rec8 18. Bxg7 Kxg7 19. Bh3 f5 20. Rc2 Nd7 21. Rac1 Nb6 22. g4 Kf6 23. gxf5 Rxc2 24. Rxc2 gxf5 25. Rc7 Rg8+ 26. Kh1 Nxd5 27. Rxb7 Nc3 28. Rxa7 Nxe2 29. Bg2 f4 30. f3 d5 31. b4 d4 32. Ra3 Nc3 33. Bf1 e6 34. b5 Nd1 35. h4 Rb8 36. Kh2 Nc3 37. Bd3 h6 38. Ra5 Ke7 39. a4 Nd5 40. Ra7+ Kd6 41. Ra6+ Ke5 42. Ra7 Rc8 43. Be4 Rc3 44. Rg7 Ra3 45. Rg6 Rxa4 46. Rxh6 Nf6 47. Bc6 d3 48. Rg6 Ra2+ 49. Kh3 d2 50. Rg1 Rb2 51. Rd1 Kd4 52. h5 Ke3 0-1

[Event "Budapest-chT1 Lilienthal 1718"]
[Site "Budapest"]
[Date "2018.03.11"]
[Round "11"]
[White "Toth Katona, Tamas"]
[Black "Molnar, Laszlo"]
[Result "0-1"]
[WhiteElo "2097"]
[BlackElo "2169"]
[PlyCount "84"]
[EventDate "2017.10.01"]
[EventType "team-tourn"]
[EventRounds "13"]
[EventCountry "HUN"]
[SourceTitle "EXT 2021"]
[Source "ChessBase"]
[SourceDate "2020.10.23"]
[SourceVersion "1"]
[SourceVersionDate "2020.10.23"]
[SourceQuality "1"]
[WhiteTeam "Budapest MTK III"]
[BlackTeam "Siraly"]
[WhiteTeamCountry "HUN"]
[BlackTeamCountry "HUN"]

1. e4 e5 2. Nf3 Nc6 3. Bb5 a6 4. Ba4 Nf6 5. d3 d6 6. c3 Be7 7. 0-0 0-0 8. h3 Re8 9. Re1 h6 10. Nbd2 Bf8 11. d4 Bd7 12. d5 Ne7 13. Bc2 c6 14. c4 cxd5 15. cxd5 Ng6 16. Nf1 Rc8 17. Bd2 Bb5 18. a4 Bxf1 19. Kxf1 Nf4 20. g3 Nxh3 21. Kg2 Qd7 22. Rh1 Nf4+ 23. Kf1 Qc7 24. Bb3 Nd3 25. Qb1 Nxf2 26. Rh4 Qb6 27. Ra3 g5 28. Nxg5 hxg5 29. Bxg5 N6g4 30. Qe1 Qd4 31. Bd1 Qxe4 32. Bxg4 Qxe1+ 33. Kxe1 Nxg4 34. Rxg4 f5 35. Rb4 Rc7 36. Ke2 Rec8 37. Rab3 Rc2+ 38. Ke3 Rg2 39. Kf3 Rcc2 40. Be3 Kf7 41. Rxb7+ Kg6 42. g4 e4+ 0-1

[Event "HUN-chT2 Breyer 1516"]
[Site "Hungary"]
[Date "2015.10.04"]
[Round "2.7"]
[White "Molnar, Laszlo"]
[Black "Rosta, Sandor"]
[Result "0-1"]
[WhiteElo "2037"]
[BlackElo "2041"]
[PlyCount "80"]
[EventDate "2015.09.13"]
[EventType "team-tourn"]
[EventRounds "11"]
[EventCountry "HUN"]
[SourceTitle "CBM 170 Extra"]
[Source "ChessBase"]
[SourceDate "2016.02.25"]
[SourceVersion "1"]
[SourceVersionDate "2016.02.25"]
[SourceQuality "1"]
[WhiteTeam "Naszaly Geniusz Tata"]
[BlackTeam "Szazhalombatta"]
[WhiteTeamCountry "HUN"]
[BlackTeamCountry "HUN"]

1. e4 e6 2. d4 d5 3. Nd2 c5 4. exd5 exd5 5. Bb5+ Nc6 6. Qe2+ Qe7 7. dxc5 Qxe2+ 8. Nxe2 Bxc5 9. Nb3 Bb6 10. Bf4 Nf6 11. Ned4 Bd7 12. 0-0-0 0-0 13. Bxc6 bxc6 14. Bd6 Rfe8 15. f3 g6 16. a4 Rac8 17. a5 Bc7 18. Bxc7 Rxc7 19. Nc5 Bc8 20. Rhe1 Kf8 21. Kd2 Rxe1 22. Rxe1 Ne8 23. Kc3 Nd6 24. Kb4 Kg7 25. g3 Kf6 26. Na4 Ba6 27. Kc5 Nb7+ 28. Kb4 c5+ 29. Nxc5 Nxc5 30. Rd1 Ne6 31. c3 Nxd4 32. Rxd4 Ke5 33. f4+ Ke6 34. g4 Bf1 35. f5+ gxf5 36. gxf5+ Ke5 37. f6 Rc6 38. Rh4 Bd3 39. Rh5+ Bf5 40. c4 d4 0-1

[Event "Elekes Memorial op"]
[Site "Budapest"]
[Date "2015.07.25"]
[Round "8"]
[White "Hegedus, Peter1111"]
[Black "Molnar, Laszlo"]
[Result "0-1"]
[WhiteElo "1822"]
[BlackElo "2057"]
[PlyCount "84"]
[EventDate "2015.07.18"]
[EventType "swiss"]
[EventRounds "9"]
[EventCountry "HUN"]
[SourceTitle "EXT 2016"]
[Source "ChessBase"]
[SourceDate "2015.10.08"]
[SourceVersion "1"]
[SourceVersionDate "2015.10.08"]
[SourceQuality "1"]

1. e4 g6 2. d4 Bg7 3. Nf3 d6 4. Bc4 Nf6 5. Qe2 0-0 6. h3 Nc6 7. 0-0 e5 8. dxe5 Nxe5 9. Nxe5 dxe5 10. Rd1 Qe7 11. b3 Rd8 12. Rxd8+ Qxd8 13. Bb2 Nh5 14. Nc3 c6 15. Qf3 Nf4 16. Ne2 Ne6 17. Ng3 b5 18. Rd1 Qc7 19. Bf1 Bb7 20. h4 h5 21. Qe3 Qe7 22. c4 b4 23. Ne2 c5 24. g3 Nd4 25. Bg2 a5 26. Bc1 a4 27. f4 exf4 28. Nxf4 axb3 29. axb3 Re8 30. Nd5 Bxd5 31. cxd5 Be5 32. Rf1 Qd6 33. Qf2 Re7 34. Kh2 Nxb3 35. Bg5 Ra7 36. Bf4 Nd4 37. Be3 b3 38. Bc1 f6 39. Bf4 c4 40. Qe3 b2 41. Qxd4 Bxd4 42. Bxd6 Ra1 0-1